01297nam a2200253 i 4500001001000000003000900010005001700019007000300036008004000039020001800079040003000097082002200127100003700149245008600186264005200272300002800324336003100352337003400383338003100417500045900448500007300907651002200980700004101002000047899DO-SdBNP20260321073643.0ta181002s 2017 dr r 000 0 spa d a9789945909807 aDO-SdBNPbspacBNPHUerda 4a972.94bB742p2221 a Bosch, Juan, d1909-2001eautor00aPara comprender Haití :btextos selectos /ccompilador, Matías Bosch Carcuro. aSanto Domingo :bFundación Juan Bosch,c2017. a257 páginas ;c23 cm. 2rdacontent atexto btexto 2rdamediaasin mediación bn 2rdacarrier avolumen bnc  aRecopilación de textos seleccionados sobre Haití de Juan Bosch (1909-2001), una de las figuras literarias y políticas dominicanas fundamentales del siglo XX. Bosch fue el primer presidente elegido democráticamente en la República Dominicana después del asesinato del ex dictador Rafael L. Trujillo y fue derrocado mediante un golpe de estado en 1963. En 1965 surgió una revolución popular para exigir el regreso de Bosch a la presidencia. aIncluye referencias bibliográficas y notas al pie de las páginas 4aHaitíxHistoria1 aBosch Carcuro, Matías,ecompilador